000 00593nam a2200181Ia 4500
008 090123s9999 xx 000 0 und d
082 _b11949
100 _aअग्निहोत्री अ.शं.
245 _aसती सावित्री
250 _a1
260 _bश्रीराम प्रकाशन
_c1982
300 _a24
600 _aअग्निहोत्री अ.शं.
630 _aसती सावित्री
700 _aअग्निहोत्री अ.शं.
730 _aसती सावित्री
942 _cBOOK
999 _c50013
_d50013